000 00301nam a22001337a 4500
008 170607b xxu||||| |||| 00| 0 eng d
020 _a9780691139524
041 _aeng
080 _a338
100 _a18
101 _aSHH
245 _aFROM ECONOMIC CRISIS TO REFORM
_cELECHES,G.P
942 _2udc
_cBK
999 _c16348
_d16348